000 00390nam a22001577a 4500
020 _a978-93-48132-56-7
082 _aM1
_bJEE/P
100 _aJeevesh M.
245 _aPoove engine chuvannithra?/
_cby Jeevesh M.
260 _aKozhikode:
_bAtma Books,
_c2025.
300 _a75p.
650 _aPoetry Malayalam
650 _aLiterature Malayalam
650 _aLiterature
942 _cBK
999 _c181815
_d181815